000 00712nam a22001817i 4500
999 _c23209
_d23209
003 AR-CdUCM
008 250129b20242024 pe||||| |||| 00| 0 spa d
040 _aMUNICIPALIDAD PROVINCIAL DEL CUSCO
_cBIBLIOTECA MUNICIPAL DEL CUSCO
041 _hspa
082 _a869.41 / V75S
_bV75S
100 _aVera Mendoza, Miluzka
_950987
245 _aSolsticio cinabrio :
_bArequipa-Perú /
260 _aArequipa :
_bEl Hacedor
_c2024
300 _a108 páginas
_c21x15 cm.
505 _aEnamorada de la selva -- Ocaso del amor -- A mi Mentor -- Amor que resucita -- Caudillaje volcánico -- Huérfanos afectados -- Anochecer en guerra -- Siete palabras -- Los hoyos de la aurora
942 _2ddc
_cLIBROS
945 _apbjr